000 00432nam a2200181Ia 4500
008 210210b2015 xxu||||| |||| 00| 0 eng d
020 _a9789384826741
041 _aeng
082 _a574.028 ARUB
100 _aARUMUGAM (N)
245 _aBiotechniques
260 _aKanyakumari
_bSaras Publication
_c2015
300 _aviii,360
650 _aBiotechniques
690 _aBiology
700 _aKUMARESAN (V)
906 _a070958
999 _c120367
_d120367